| 000 | 01426nam0a2200373 4500 | ||
|---|---|---|---|
| 001 | RU\NLR\bibl\1331604 | ||
| 005 | 20250615164022.0 | ||
| 010 |
_a978-5-17-043566-1 _bАСТ |
||
| 010 |
_a978-5-271-16428-6 _bАстрель _92500 |
||
| 021 |
_aRU _b2008-104869 _96184 |
||
| 035 | _a(nilc)IZD\AST\2007\755193 | ||
| 035 | _a(NLR Aleph) 001316832 | ||
| 090 |
_a714520 _c714520 |
||
| 100 | _a20081211d2008 |||y0rusy50 ca | ||
| 101 | 1 |
_arus _ceng |
|
| 102 | _aRU | ||
| 105 | _aa ||||||||| | ||
| 200 | 1 |
_aВсе о кормлении грудного ребенка _fМарвин С. Эйгер, Салли Вендкос Олдз _g[пер. с англ. М. Блиновой] |
|
| 210 |
_aМосква _cАСТ _cАстрель _d2008 |
||
| 215 |
_a383 с. _cил. _d22 |
||
| 320 | _aАлф. указ.: с. 375 - 383 | ||
| 606 | 1 |
_aГрудные дети _xВскармливание женским молоком _9935884 _3RU\NLR\auth\66345396 |
|
| 686 |
_a036 _aПедиатрия _2TCC-BG |
||
| 686 |
_a57.302 _vLBC/M _2rubbk |
||
| 686 | _aР128.919-371 | ||
| 700 | 1 |
_aЭйгер _bМ. С. _gМарвин С _4070 |
|
| 701 | 1 |
_aОлдз _bС. В. _gСалли Вендкос _4070 |
|
| 801 | 0 |
_aRU _bЛИБНЕТ _c20081211 _gRCR |
|
| 801 | 1 |
_aRU _bВладимирская ОУНБ _c20090206 _gRCR |
|
| 801 | 2 |
_aRU _bNLR _c20090220 _grcr |
|
| 830 | _aCODE_OF_LIBNET\000017457 | ||
| 942 | _cBOOK | ||
| 980 | _aNB | ||